The advanced Montessori Method (Record no. 108586)

MARC details
000 -LEADER
campo de control de longitud fija 00628nam a2200181 4500
001 - NÚMERO DE CONTROL
campo de control 108586
003 - IDENTIFICADOR DE NÚMERO DE CONTROL
campo de control ES-MaACL
005 - FECHA Y HORA DE LA ÚLTIMA TRANSACCIÓN
campo de control 20230906184652.0
007 - CAMPO FIJO DE DESCRIPCIÓN FÍSICA--INFORMACIÓN GENERAL
campo de control de longitud fija t|
008 - DATOS DE LONGITUD FIJA--INFORMACIÓN GENERAL
campo de control de longitud fija 061121s1917 xxk r ||||1| eng d
100 1# - ENTRADA PRINCIPAL--NOMBRE DE PERSONA
Nombre de persona Montessori, María.
9 (RLIN) 82611
245 14 - MENCIÓN DEL TÍTULO
Título The advanced Montessori Method
Resto del título : I Spontaneous activity in education /
Mención de responsabilidad, etc. by María Montessori; traslated from the italian by Florence Simmonds and Lily Hutchinsons.
260 ## - PUBLICACIÓN, DISTRIBUCIÓN, ETC.
Lugar de publicación, distribución, etc. London :
Nombre del editor, distribuidor, etc. William Heinemann,
Fecha de publicación, distribución, etc. 1917.
300 ## - DESCRIPCIÓN FÍSICA
Extensión 358 p. ;
Dimensiones 21 cm.
700 1# - ENTRADA AGREGADA--NOMBRE PERSONAL
Nombre de persona Simmonds, Florence.
9 (RLIN) 106484
700 1# - ENTRADA AGREGADA--NOMBRE PERSONAL
Nombre de persona Hutchinsons, Lily.
9 (RLIN) 64837
852 ## - LOCALIZACIÓN
Ubicación ES-MaACL
Número de control de estantería B-13616
Holdings
Estatus retirado Estado de pérdida Estado de daño No para préstamo Biblioteca de origen Biblioteca actual Ubicación en estantería Fecha de adquisición Fuente de adquisición Total de préstamos Signatura topográfica completa Código de barras Visto por última vez Precio de reemplazo Tipo de ítem Koha
        Biblioteca del Ateneo de Madrid Biblioteca del Ateneo de Madrid Sala Pardo Bazán 17/01/2008     B-13616 1113304 23/02/2023 23/02/2023 Libro impreso